[Event "40th Olympiad Open"]
[Site "Istanbul TUR"]
[Date "2012.09.04"]
[Round "7.3"]
[White "Torre, Eugenio"]
[Black "Berkes, Ferenc"]
[Result "1-0"]
[WhiteTitle "GM"]
[BlackTitle "GM"]
[WhiteElo "2469"]
[BlackElo "2685"]
[WhiteTeam "Philippines"]
[BlackTeam "Hungary"]
[WhiteFideId "5200016"]
[BlackFideId "718572"]
[EventDate "2012.08.28"]

1. d4 d5 2. Nf3 e6 3. Bf4 Bd6 4. Bg3 Nf6 5. Nbd2 b6 6. e3 Bb7 7. Bb5+ c6 8. Bd3
c5 9. c3 Nc6 10. O-O O-O 11. Ne5 Ne7 12. Qc2 Rc8 13. Rae1 c4 14. Be2 b5 15. Bh4
Ne4 16. Bxe7 Qxe7 17. f3 Nxd2 18. Qxd2 f6 19. Ng4 e5 20. Bd1 e4 21. f4 b4 22.
Nf2 Rc6 23. Bg4 Rb8 24. Qe2 Rb6 25. Bf5 g6 26. Bh3 Bc6 27. Rd1 Kg7 28. Rd2 a5
29. Nd1 a4 30. f5 g5 31. Bg4 a3 32. bxa3 bxa3 33. g3 h6 34. Kg2 Bc7 35. Rh1 Qd6
36. Bh5 Bd7 37. Bg6 Rh8 38. Qh5 Rb1 39. Rf1 Qe7 40. Nf2 Rxf1 41. Kxf1 Ba4 42.
Nd1 Kf8 43. Kg2 Qg7 44. Rf2 Ke7 45. h4 Rb8 46. Rf1 g4 47. Qxg4 Rb1 48. Nf2 Rb2
49. Ra1 Qg8 50. Kg1 Kd7 51. Nh3 h5 52. Qxh5 Bxg3 53. Qg4 Bh2+ 54. Kh1 Qb8 55.
Bf7 Qg3 56. Qxg3 Bxg3 57. Bxd5 Bb3 58. axb3 a2 59. Rxa2 Rxa2 60. bxc4 Re2 61. h5
Rxe3 62. h6 Re2 63. Kg1 Rh2 64. h7 Rxh3 65. Kg2 Rxh7 66. Kxg3 e3 67. Kf3 Rh3+
68. Ke2 Kc7 69. Bf3 Kb6 70. Kxe3 Rg3 71. c5+ Kb5 72. c6 Rg7 73. Kd3 Ra7 74. Bd5
Rg7 75. c4+ Kb4 76. Be6 Rc7 77. Bd7 Ra7 78. c5 Rc7 79. Ke4 Kc4 80. Be6+ Kb4 81.
Kd5 1-0

[Event "40th Olympiad Open"]
[Site "Istanbul TUR"]
[Date "2012.09.04"]
[Round "7.5"]
[White "Svetushkin, Dmitry"]
[Black "Meier, Georg"]
[Result "1-0"]
[WhiteTitle "GM"]
[BlackTitle "GM"]
[WhiteElo "2569"]
[BlackElo "2648"]
[WhiteTeam "Moldova"]
[BlackTeam "Germany"]
[WhiteFideId "13900463"]
[BlackFideId "4675789"]
[EventDate "2012.08.28"]

1. e4 e6 2. d4 d5 3. Nc3 Nf6 4. e5 Nfd7 5. f4 c5 6. Nf3 Nc6 7. Be3 Be7 8. a3 b6
9. Bd3 O-O 10. O-O a6 11. Qe1 Qc7 12. Rd1 f5 13. Kh1 cxd4 14. Nxd4 Nxd4 15. Bxd4
Nc5 16. Rg1 Bd7 17. Qe3 Be8 18. Be2 Bg6 19. b4 Nd7 20. Bd3 Nc5 21. Be2 Nd7 22.
h3 Kh8 23. Rc1 b5 24. Bd3 Rab8 25. Ne2 Nb6 26. Bxb6 Qxb6 27. Nd4 h6 28. g4 Bh7
29. c3 g5 30. gxf5 exf5 31. Qf3 Rbc8 32. Bb1 gxf4 33. e6 Bf6 34. Rce1 Qc7 35.
Qh5 f3 36. Nxf3 Qf4 37. e7 Rfe8 38. Re6 Bg7 39. Nh4 Be5 40. Nf3 Bg7 41. Nh4 Be5
42. Rxe5 Qxe5 43. Ng6+ Bxg6 44. Qxg6 1-0

[Event "40th Olympiad Open"]
[Site "Istanbul TUR"]
[Date "2012.09.04"]
[Round "7.5"]
[White "Gustafsson, Jan"]
[Black "Vedmediuc, Serghei"]
[Result "1-0"]
[WhiteTitle "GM"]
[BlackTitle "IM"]
[WhiteElo "2610"]
[BlackElo "2468"]
[WhiteTeam "Germany"]
[BlackTeam "Moldova"]
[WhiteFideId "4625498"]
[BlackFideId "13900790"]
[EventDate "2012.08.28"]

1. d4 g6 2. c4 Bg7 3. Nf3 d6 4. Nc3 Bg4 5. e3 Nc6 6. Be2 e5 7. d5 Nce7 8. e4
Bxf3 9. Bxf3 f5 10. h4 Nf6 11. h5 O-O 12. hxg6 hxg6 13. Bg5 Qd7 14. Qd3 Kf7 15.
O-O-O Rh8 16. c5 Rxh1 17. Rxh1 Rh8 18. Rxh8 Bxh8 19. Qc4 fxe4 20. Nxe4 Nxe4 21.
Bxe4 Bf6 22. Be3 b6 23. cxd6 cxd6 24. Bc2 Qb7 25. g4 b5 26. Qe4 Bg7 27. Bg5 Ke8
28. Bb3 a5 29. a3 Kf7 30. Bc2 Ke8 31. Bb3 Kf7 32. Kd1 a4 33. Ba2 Nc8 34. Bb1 Ne7
35. Ke2 Ke8 36. Ba2 Kf7 37. Bb1 Ke8 38. Bd3 Kf7 39. Bxe7 Qxe7 40. Qxg6+ Kf8 41.
Qf5+ Kg8 42. Qc8+ Kf7 43. Bg6+ 1-0

[Event "40th Olympiad Open"]
[Site "Istanbul TUR"]
[Date "2012.09.04"]
[Round "7.6"]
[White "Harikrishna, Pentala"]
[Black "Flores, Diego"]
[Result "1/2-1/2"]
[WhiteTitle "GM"]
[BlackTitle "GM"]
[WhiteElo "2685"]
[BlackElo "2589"]
[WhiteTeam "India"]
[BlackTeam "Argentina"]
[WhiteFideId "5007003"]
[BlackFideId "108049"]
[EventDate "2012.08.28"]

1. e4 c5 2. Nf3 e6 3. c3 d5 4. e5 d4 5. Bd3 Nc6 6. Be4 Qc7 7. cxd4 cxd4 8. Bxc6+
Qxc6 9. O-O d3 10. b4 b6 11. Ba3 Bb7 12. Nc3 Qd7 13. Re1 Nh6 14. Ne4 Be7 15. Qb3
O-O 16. b5 Bxa3 17. Qxa3 Nf5 18. Rab1 a6 19. bxa6 Rxa6 20. Qb3 Ra4 21. Nc5 bxc5
22. Qxb7 Qxb7 23. Rxb7 Rxa2 24. Rd7 Nd4 25. Nxd4 cxd4 26. Rd1 Rc8 27. g3 Ra4 28.
Rb1 Ra2 29. Rd1 Ra4 30. Rb1 Ra2 31. Rd1 Ra4 32. Rb1 1/2-1/2

[Event "40th Olympiad Open"]
[Site "Istanbul TUR"]
[Date "2012.09.04"]
[Round "7.6"]
[White "Gupta, Abhijeet"]
[Black "Mareco, Sandro"]
[Result "1-0"]
[WhiteTitle "GM"]
[BlackTitle "GM"]
[WhiteElo "2637"]
[BlackElo "2589"]
[WhiteTeam "India"]
[BlackTeam "Argentina"]
[WhiteFideId "5010608"]
[BlackFideId "112275"]
[EventDate "2012.08.28"]

1. d4 Nf6 2. c4 e6 3. g3 c5 4. d5 exd5 5. cxd5 d6 6. Nc3 g6 7. Bg2 Bg7 8. Nf3
O-O 9. O-O Re8 10. a4 a6 11. Bf4 b6 12. Qc1 Nh5 13. Bg5 Qc7 14. h3 Nd7 15. g4
Nhf6 16. Bh6 Bh8 17. Qf4 Bb7 18. Rad1 Rab8 19. Qg3 Ne4 20. Nxe4 Rxe4 21. Bf4
Rxf4 22. Qxf4 Bxb2 23. Rb1 Bg7 24. Nd2 Bc8 25. Ne4 Be5 26. Qg5 Bb7 27. f4 Bd4+
28. Kh2 Re8 29. Qh4 Bxd5 30. Ng5 Rxe2 31. Qxh7+ Kf8 32. Rf3 Bg7 33. Kh1 Bxf3 34.
Bxf3 Rd2 35. Qxg6 fxg6 36. Ne6+ Kg8 37. Nxc7 Kh7 38. Rd1 Rf2 39. Rxd6 Nf8 40.
Bd5 Rxf4 41. Rxb6 c4 42. Rb4 Nd7 43. Ne6 Rf1+ 44. Kg2 Rd1 45. Bxc4 Rd2+ 46. Kf1
Bc3 47. Rb7 Kh8 48. Ng5 Bf6 49. Nf3 Rd6 50. g5 Bc3 51. Rb3 Ba1 52. Re3 Nc5 53.
a5 Kg7 54. Ke2 Kf8 55. Ne5 Bd4 56. Rf3+ Ke7 57. Nf7 Rc6 58. Bd5 Rc8 59. Nh6 Kd6
60. Bc4 Rb8 61. Rf4 Re8+ 62. Kf3 Re3+ 63. Kg4 Ne4 64. Bxa6 Bc3 65. Bb7 Nc5 66.
a6 Be1 67. Rf6+ Ke5 68. Nf7+ Kd4 69. Rf4+ 1-0

[Event "40th Olympiad Open"]
[Site "Istanbul TUR"]
[Date "2012.09.04"]
[Round "7.8"]
[White "Postny, Evgeny"]
[Black "Edouard, Romain"]
[Result "1/2-1/2"]
[WhiteTitle "GM"]
[BlackTitle "GM"]
[WhiteElo "2638"]
[BlackElo "2652"]
[WhiteTeam "Israel"]
[BlackTeam "France"]
[WhiteFideId "2804344"]
[BlackFideId "633429"]
[EventDate "2012.08.28"]

1. d4 Nf6 2. c4 e6 3. Nf3 d5 4. g3 Bb4+ 5. Bd2 Be7 6. Bg2 c6 7. Bf4 O-O 8. Nc3
Nbd7 9. O-O dxc4 10. e4 Re8 11. Re1 b5 12. d5 e5 13. Bxe5 b4 14. Na4 cxd5 15.
exd5 Bb7 16. d6 Nxe5 17. Nxe5 Bxg2 18. Kxg2 Bxd6 19. Nxc4 Rxe1 20. Qxe1 Bxg3 21.
Rd1 Qc7 22. hxg3 Qxc4 23. b3 Qc6+ 24. Kg1 Qf3 25. Rd4 a5 26. Qd1 Qxd1+ 27. Rxd1
h5 28. Nb6 Ra6 29. Nd5 Ne4 30. Re1 Ng5 31. Kg2 Ne6 32. Re5 g6 33. Ne3 Nd4 34.
Rc5 Kf8 35. Kf1 Ke7 36. Re5+ Kf6 37. Rd5 Nf3 38. Kg2 Ne5 39. f4 Ng4 40. Kf3 Ke6
41. Rb5 f5 42. Nxg4 hxg4+ 43. Kf2 Kd6 44. Ke2 Ra8 45. Kd3 Rc8 46. Kd4 Ke6 47.
Rb6+ Kf7 48. Rb7+ Kf6 49. Rb6+ Kg7 50. Rb7+ Kf6 51. Rb6+ Kf7 1/2-1/2

[Event "40th Olympiad Open"]
[Site "Istanbul TUR"]
[Date "2012.09.04"]
[Round "7.8"]
[White "Tkachiev, Vladislav"]
[Black "Avrukh, Boris"]
[Result "1-0"]
[WhiteTitle "GM"]
[BlackTitle "GM"]
[WhiteElo "2644"]
[BlackElo "2605"]
[WhiteTeam "France"]
[BlackTeam "Israel"]
[WhiteFideId "618438"]
[BlackFideId "2803895"]
[EventDate "2012.08.28"]

1. c4 c5 2. Nc3 Nc6 3. e3 Nf6 4. d4 cxd4 5. exd4 d5 6. Bg5 e6 7. Nf3 Be7 8. c5
O-O 9. Bb5 Ne4 10. Bxe7 Nxe7 11. Rc1 b6 12. c6 Nd6 13. a4 a6 14. c7 Qxc7 15.
Nxd5 Qd8 16. Nxe7+ Qxe7 17. Bc6 Bb7 18. O-O Rfd8 19. d5 exd5 20. Re1 Qf6 21.
Qxd5 Rab8 22. Ne5 Bc8 23. Qb3 Be6 24. Bd5 Re8 25. h3 Bxd5 26. Qxd5 Qe6 27. Qd2
Qh6 28. f4 Re6 29. Rc6 Rbe8 30. Kh2 Nf5 31. Nf3 Ne3 32. Rxe6 Qxe6 33. Kg1 Qb3
34. Kf2 g6 35. Rxe3 Rxe3 36. Qxe3 Qxb2+ 37. Qe2 Qb4 38. Qxa6 Qxf4 39. Qxb6 Qxa4
40. Qd8+ Kg7 41. Qd4+ Qxd4+ 42. Nxd4 Kf6 43. Ke3 Ke5 44. Nf3+ Kf5 45. g3 h6 46.
Kd4 Kf6 47. Ke4 Ke6 48. Ne5 f5+ 49. Kd4 g5 50. Nf3 Kf6 51. Kd5 h5 52. h4 g4 53.
Nd4 1-0

[Event "40th Olympiad Open"]
[Site "Istanbul TUR"]
[Date "2012.09.04"]
[Round "7.9"]
[White "Pantsulaia, Levan"]
[Black "Short, Nigel D"]
[Result "0-1"]
[WhiteTitle "GM"]
[BlackTitle "GM"]
[WhiteElo "2575"]
[BlackElo "2698"]
[WhiteTeam "Georgia"]
[BlackTeam "England"]
[WhiteFideId "13602071"]
[BlackFideId "400025"]
[EventDate "2012.08.28"]

1. Nf3 c5 2. c4 Nc6 3. Nc3 g6 4. e3 Nf6 5. d4 cxd4 6. exd4 d5 7. cxd5 Nxd5 8.
Bc4 Nxc3 9. Qb3 Nd5 10. Bxd5 e6 11. Bxc6+ bxc6 12. O-O Qd5 13. Qc3 f6 14. Bf4 g5
15. Bg3 Be7 16. Rfe1 Kf7 17. Rac1 Bb7 18. Re3 Rhe8 19. Qb3 c5 20. Qc2 Qf5 21.
dxc5 Qxc2 22. Rxc2 Rec8 23. Rec3 Be4 24. Rc1 Bxf3 25. Rxf3 Rxc5 26. Rxc5 Bxc5
27. Rc3 Bd4 28. Rc7+ Kg6 29. b3 f5 30. Bd6 Rd8 31. Be7 Rd5 32. Kf1 Bb6 33. Rc2
g4 34. b4 f4 35. Ke2 Rh5 36. h4 gxh3 37. gxh3 Rxh3 38. f3 Kf5 39. a4 e5 40. Rc6
e4 41. fxe4+ Kxe4 42. Rc4+ Kd5 0-1

[Event "40th Olympiad Open"]
[Site "Istanbul TUR"]
[Date "2012.09.04"]
[Round "7.10"]
[White "Leon Hoyos, Manuel"]
[Black "Kasimdzhanov, Rustam"]
[Result "1/2-1/2"]
[WhiteTitle "GM"]
[BlackTitle "GM"]
[WhiteElo "2579"]
[BlackElo "2684"]
[WhiteTeam "Mexico"]
[BlackTeam "Uzbekistan"]
[WhiteFideId "5105269"]
[BlackFideId "14200244"]
[EventDate "2012.08.28"]

1. c4 c5 2. g3 g6 3. Bg2 Bg7 4. Nc3 Nc6 5. e3 e6 6. Nge2 Nge7 7. O-O O-O 8. d4
cxd4 9. Nxd4 d5 10. cxd5 Nxd4 11. exd4 Nxd5 12. Qb3 Ne7 13. Rd1 Nf5 14. Ne2 Qe7
15. Bf4 g5 16. Bd2 a5 17. Qb5 Qd8 18. Bc3 Nd6 19. Qd3 Bd7 20. Nc1 Rc8 21. Qd2 b6
22. Nd3 Nb5 23. Qe1 Bc6 24. Bxc6 Rxc6 25. Ne5 Rc8 26. a4 Nc7 27. b4 Nd5 28. Bd2
axb4 29. Bxb4 Re8 30. a5 bxa5 31. Bxa5 Qe7 1/2-1/2

[Event "40th Olympiad Open"]
[Site "Istanbul TUR"]
[Date "2012.09.04"]
[Round "7.10"]
[White "Filippov, Anton UZB"]
[Black "Gonzalez Zamora, Juan Carlos"]
[Result "1-0"]
[WhiteTitle "GM"]
[BlackTitle "GM"]
[WhiteElo "2617"]
[BlackElo "2553"]
[WhiteTeam "Uzbekistan"]
[BlackTeam "Mexico"]
[WhiteFideId "14200988"]
[BlackFideId "3507548"]
[EventDate "2012.08.28"]

1. d4 d5 2. c4 c6 3. Nc3 Nf6 4. cxd5 cxd5 5. Nf3 Nc6 6. Bf4 Nh5 7. Bd2 Nf6 8.
Bf4 Nh5 9. Bd2 Nf6 10. e3 a6 11. Rc1 g6 12. Ne5 Bg7 13. Nxc6 bxc6 14. Be2 O-O
15. O-O a5 16. Be1 Ba6 17. Bxa6 Rxa6 18. Qd3 Qa8 19. b3 Nd7 20. Na4 Rc8 21. Rc2
e6 22. Bc3 Bf8 23. Bb2 Nb6 24. Nc5 Ra7 25. a4 Nd7 26. Ba3 Nxc5 27. Bxc5 Rb7 28.
Bxf8 Kxf8 29. Rfc1 Rb4 30. Rc5 Qb7 31. R1c3 Rb8 32. h4 Rxb3 33. Rxb3 Qxb3 34.
Qxb3 Rxb3 35. Rxa5 Ke7 36. Ra7+ Kf6 37. a5 h5 38. a6 Ra3 39. Ra8 e5 40. a7 exd4
41. exd4 Kf5 42. g3 Ra1+ 43. Kh2 Ra2 44. Kg2 f6 45. Kh3 Ra3 46. Kh2 Ra2 47. Kg2
Ra3 48. f3 Ra2+ 49. Kf1 Ra4 50. Ke2 Ra3 51. Kd2 Ra5 52. Kd3 Ra3+ 53. Kc2 Ra5 54.
Kb3 1-0

[Event "40th Olympiad Open"]
[Site "Istanbul TUR"]
[Date "2012.09.04"]
[Round "7.10"]
[White "Gonzalez Garcia, Jose"]
[Black "Dzhumaev, Marat"]
[Result "0-1"]
[WhiteTitle "GM"]
[BlackTitle "GM"]
[WhiteElo "2532"]
[BlackElo "2499"]
[WhiteTeam "Mexico"]
[BlackTeam "Uzbekistan"]
[WhiteFideId "5101174"]
[BlackFideId "14200236"]
[EventDate "2012.08.28"]

1. d4 d6 2. Nf3 Nf6 3. c4 g6 4. Nc3 Bg7 5. e4 O-O 6. Be2 Bg4 7. Be3 Nfd7 8. d5
Na6 9. Nd4 Bxe2 10. Qxe2 Qc8 11. O-O c5 12. Nc2 Nc7 13. f4 a6 14. a4 Rb8 15. Ra3
Qe8 16. e5 f5 17. e6 Nf6 18. b4 cxb4 19. Nxb4 a5 20. Nc2 Qc8 21. Rb1 Ng4 22. Bd2
Na6 23. h3 Nb4 24. Ne1 Qc5+ 25. Kh1 Nd3 26. Nxd3 Qxa3 27. Qe1 Bxc3 28. Bxc3 Nf6
29. Nb2 b6 30. Bd4 Nh5 31. Qe3 Qxe3 32. Bxe3 g5 33. fxg5 f4 34. Bf2 Ng3+ 35. Kg1
Ne4 36. Re1 Nc5 37. Bd4 Nb3 38. Bf2 Kg7 39. h4 Kg6 40. Kh2 Nc5 41. Kh3 h6 42.
gxh6 Kxh6 43. Kg4 Rg8+ 44. Kf3 Rg7 45. Rd1 Rbg8 46. Rd4 Rxg2 47. Rxf4 Rh2 48.
Rf7 Rh3+ 49. Ke2 Rg7 50. Be3+ Kg6 51. Rf4 Kh5 52. Rf5+ Kg6 53. Rf4 Rg3 54. Nd3
Nxa4 55. Bf2 Rh3 56. Bd4 Rg8 57. Rf7 Rxh4 58. Nf4+ Kg5 59. Kf3 Rh1 60. Be3 Rf1+
61. Ke2 Rb1 62. Nd3+ Kg4 63. Nf2+ Kg3 64. Nd3 Nc3+ 65. Kd2 Ne4+ 66. Kc2 Rh1 67.
Rxe7 Kf3 68. Bd4 Rg2+ 69. Nf2 Nxf2 70. Rf7+ Kg3 71. e7 Re1 0-1

[Event "40th Olympiad Open"]
[Site "Istanbul TUR"]
[Date "2012.09.04"]
[Round "7.10"]
[White "Kvon, Andrey"]
[Black "Ibarra Chami, Luis Fernando"]
[Result "1/2-1/2"]
[WhiteTitle "IM"]
[BlackTitle "IM"]
[WhiteElo "2492"]
[BlackElo "2481"]
[WhiteTeam "Uzbekistan"]
[BlackTeam "Mexico"]
[WhiteFideId "14201356"]
[BlackFideId "5105048"]
[EventDate "2012.08.28"]

1. c4 e6 2. Nf3 d5 3. d4 Nf6 4. Nc3 Bb4 5. Qb3 Nc6 6. Bg5 O-O 7. e3 h6 8. Bh4
Qe7 9. a3 dxc4 10. Qxc4 Bxc3+ 11. Qxc3 Re8 12. Rd1 Bd7 13. Qc2 Rad8 14. Be2 Bc8
15. O-O g5 16. Bg3 Nh5 17. b4 Nxg3 18. fxg3 g4 19. Nh4 f5 20. b5 Nb8 21. e4 Qg5
22. Qxc7 Nd7 23. exf5 Qe3+ 24. Kh1 Qxe2 25. Rde1 Qd3 26. fxe6 Rf8 27. Rg1 Rde8
28. Rd1 Qxb5 29. exd7 Qxd7 30. Qc4+ Qe6 31. Qd3 Rf6 32. Rgf1 Ref8 33. Kg1 Kg7
34. Rde1 Qd6 35. Rxf6 Rxf6 36. Rf1 Rxf1+ 37. Kxf1 Bd7 38. Qe3 b5 39. Ke1 Qe6 1/2-1/2

[Event "40th Olympiad Open"]
[Site "Istanbul TUR"]
[Date "2012.09.04"]
[Round "7.11"]
[White "Nedev, Trajko"]
[Black "Godena, Michele"]
[Result "1-0"]
[WhiteTitle "GM"]
[BlackTitle "GM"]
[WhiteElo "2494"]
[BlackElo "2516"]
[WhiteTeam "FYROM"]
[BlackTeam "Italy"]
[WhiteFideId "15000605"]
[BlackFideId "800090"]
[EventDate "2012.08.28"]

1. e4 e5 2. Nf3 Nc6 3. Bc4 Nf6 4. d3 Bc5 5. O-O d6 6. c3 Bb6 7. Nbd2 Ne7 8. Re1
Ng6 9. Nf1 O-O 10. Ng3 h6 11. Bb3 Re8 12. h3 Be6 13. Bc2 d5 14. exd5 Bxd5 15.
Nf5 e4 16. N3d4 exd3 17. Rxe8+ Qxe8 18. Bxd3 Be4 19. Bxe4 Qxe4 20. Ng3 Qd5 21.
Be3 Nh4 22. f3 Re8 23. Bf2 Qg5 24. Qc1 Qxc1+ 25. Rxc1 Nd5 26. Ne4 Nf4 27. Re1
Bxd4 28. cxd4 Nxf3+ 29. gxf3 Nxh3+ 30. Kf1 Rd8 31. Rd1 Nf4 32. Nc3 c6 33. d5
Nxd5 34. Nxd5 cxd5 35. Bxa7 Ra8 36. Bc5 Rxa2 37. Ba3 b5 38. Rd4 f6 39. Rb4 Kf7
40. Rxb5 Ke6 41. Ke2 h5 42. Rb7 g5 43. Rb6+ Kf7 44. Bc5 Ra4 45. Ke3 Rf4 46. Rd6
Rf5 47. b4 h4 48. Rd8 Kg7 49. Bf8+ Kg6 50. Bd6 d4+ 51. Ke4 d3 52. Bh2 Rb5 53.
Rd4 d2 54. Bd6 f5+ 55. Ke3 f4+ 56. Kf2 h3 57. Rxd2 Kf5 58. Bc5 Rb8 59. Rd5+ Kf6
60. Kg1 Ra8 61. b5 Ra1+ 62. Kh2 Rf1 63. Rd3 Rb1 64. b6 1-0

[Event "40th Olympiad Open"]
[Site "Istanbul TUR"]
[Date "2012.09.04"]
[Round "7.11"]
[White "Vocaturo, Daniele"]
[Black "Pancevski, Filip"]
[Result "1/2-1/2"]
[WhiteTitle "GM"]
[BlackTitle "IM"]
[WhiteElo "2542"]
[BlackElo "2461"]
[WhiteTeam "Italy"]
[BlackTeam "FYROM"]
[WhiteFideId "813192"]
[BlackFideId "15002187"]
[EventDate "2012.08.28"]

1. e4 e5 2. Nf3 d6 3. d4 exd4 4. Nxd4 Nf6 5. Nc3 Be7 6. Qf3 O-O 7. Nf5 Bxf5 8.
Qxf5 Re8 9. Be3 Qd7 10. Qxd7 Nbxd7 11. f3 c6 12. Kf2 a5 13. g4 Nc5 14. g5 Nfd7
15. h4 b5 16. Ne2 Ne5 17. Nd4 Bf8 18. Be2 Rac8 19. Rad1 g6 20. Nb3 Nb7 21. Nd2
Bg7 22. h5 Nd7 23. c3 Nbc5 24. Nb3 Nb7 25. Bd4 a4 26. Nd2 Nbc5 27. Nf1 Ne6 28.
Bxg7 Kxg7 29. Rxd6 Ne5 30. Ng3 Nc4 31. Bxc4 bxc4 32. Rd2 Nxg5 33. a3 Ne6 34. Nf1
Rcd8 35. Ke1 Rd3 36. Rxd3 cxd3 37. Ne3 Nc5 38. Kd2 Rd8 39. Nc4 Kf6 40. Ke3 g5
41. h6 Ke6 42. Rg1 f6 43. Rg2 Nb3 44. Nd2 Na1 45. Nc4 Nb3 46. Rg1 f5 47. Rd1 f4+
48. Kf2 Nc5 49. Kg2 Nb3 50. Kh3 d2 51. Kg2 Rd3 52. Kf2 c5 53. Ke2 Nd4+ 54. Kf2
Nb3 55. Ke2 1/2-1/2

[Event "40th Olympiad Open"]
[Site "Istanbul TUR"]
[Date "2012.09.04"]
[Round "7.11"]
[White "Kizov, Atanas"]
[Black "Dvirnyy, Daniyyl"]
[Result "1-0"]
[WhiteTitle "IM"]
[BlackTitle "IM"]
[WhiteElo "2418"]
[BlackElo "2520"]
[WhiteTeam "FYROM"]
[BlackTeam "Italy"]
[WhiteFideId "15001270"]
[BlackFideId "817570"]
[EventDate "2012.08.28"]

1. d4 Nf6 2. c4 g6 3. Nc3 d5 4. cxd5 Nxd5 5. Bd2 Bg7 6. e4 Nb6 7. Be3 O-O 8. h3
f5 9. exf5 Bxf5 10. Nf3 Nc6 11. Qb3+ Kh8 12. d5 Ne5 13. Nxe5 Bxe5 14. g4 Bd7 15.
Bg2 Qc8 16. O-O e6 17. Rae1 Bg7 18. Bxb6 axb6 19. dxe6 Be8 20. e7 Rf6 21. Rd1
Rd6 22. Rxd6 cxd6 23. Qxb6 Qd7 24. Re1 Rb8 25. Nd5 Rc8 26. Qe3 Rc2 27. Qf4 1-0

[Event "40th Olympiad Open"]
[Site "Istanbul TUR"]
[Date "2012.09.04"]
[Round "7.12"]
[White "Saric, Ivan"]
[Black "Papaioannou, Ioannis"]
[Result "1/2-1/2"]
[WhiteTitle "GM"]
[BlackTitle "GM"]
[WhiteElo "2638"]
[BlackElo "2606"]
[WhiteTeam "Croatia"]
[BlackTeam "Greece"]
[WhiteFideId "14508150"]
[BlackFideId "4201345"]
[EventDate "2012.08.28"]

1. e4 d5 2. exd5 Qxd5 3. Nc3 Qa5 4. d4 Nf6 5. Bd2 Bg4 6. f3 Bd7 7. Bc4 Qb6 8.
Nge2 e6 9. Be3 Nc6 10. a3 Ne7 11. O-O Ned5 12. Bf2 Be7 13. Ne4 Bb5 14. b3 Bxc4
15. bxc4 Nxe4 16. fxe4 Nf6 17. Nc3 O-O 18. Qe2 Qa5 19. Qd3 Rad8 20. h3 Nd7 21.
Rfb1 Ne5 22. Qg3 Nxc4 23. Rb5 Qa6 24. Qxc7 Nd6 25. Rb3 Rfe8 26. e5 Rc8 27. Qd7
Rcd8 28. Qc7 Rc8 29. Qd7 Rcd8 30. Qc7 1/2-1/2

[Event "40th Olympiad Open"]
[Site "Istanbul TUR"]
[Date "2012.09.04"]
[Round "7.12"]
[White "Halkias, Stelios"]
[Black "Kozul, Zdenko"]
[Result "1/2-1/2"]
[WhiteTitle "GM"]
[BlackTitle "GM"]
[WhiteElo "2574"]
[BlackElo "2616"]
[WhiteTeam "Greece"]
[BlackTeam "Croatia"]
[WhiteFideId "4201809"]
[BlackFideId "14502879"]
[EventDate "2012.08.28"]

1. d4 Nf6 2. c4 g6 3. g3 c6 4. Bg2 d5 5. cxd5 cxd5 6. Nf3 Bg7 7. O-O O-O 8. Nc3
e6 9. Bf4 Qb6 10. Na4 Qb5 11. Nc5 a5 12. a4 Qb6 13. Qd3 Nfd7 14. Nxd7 Bxd7 15.
Be5 Nc6 16. Bxg7 Kxg7 17. h4 Rac8 18. Rfc1 Nb4 19. Qb3 f6 20. Rc3 Qd6 21. Rac1
Rc6 22. Rxc6 Bxc6 23. Bh3 h6 24. Qe3 Re8 25. h5 g5 26. b3 Re7 27. Qd2 Be8 28. g4
Rc7 29. Ne1 Bd7 30. Rxc7 Qxc7 31. Nd3 Qc2 32. Qxc2 Nxc2 33. e3 b6 34. Kf1 Bc8
35. Ke2 Ba6 36. Kd2 Bxd3 37. Kxd3 Nb4+ 38. Kc3 Kf7 39. f4 Ke7 40. Kd2 Nc6 41.
Kc3 Nd8 42. Kd3 Nf7 43. Bg2 Kd6 44. Bh3 gxf4 45. exf4 e5 46. Ke3 e4 47. Bf1 Ke7
48. f5 Kd7 49. Bb5+ Kd6 50. Bf1 Ng5 1/2-1/2

[Event "40th Olympiad Open"]
[Site "Istanbul TUR"]
[Date "2012.09.04"]
[Round "7.13"]
[White "Kurajica, Bojan"]
[Black "Laznicka, Viktor"]
[Result "1/2-1/2"]
[WhiteTitle "GM"]
[BlackTitle "GM"]
[WhiteElo "2551"]
[BlackElo "2683"]
[WhiteTeam "Bosnia & Herzegovina"]
[BlackTeam "Czech Republic"]
[WhiteFideId "14400057"]
[BlackFideId "316385"]
[EventDate "2012.08.28"]

1. d4 d5 2. c4 c6 3. Qb3 Nf6 4. Nd2 dxc4 5. Qxc4 Be6 6. Qd3 c5 7. Ngf3 Nc6 8. e3
cxd4 9. Nxd4 Bd5 10. Nxc6 Bxc6 11. Qxd8+ Rxd8 12. Nc4 e6 13. f3 Nd7 14. Bd2 b6
15. Rc1 Bb7 16. b4 Be7 17. Na3 Bh4+ 18. Kd1 O-O 19. Rc7 Bd5 20. Bb5 Ne5 21. Ke2
f5 22. Rhc1 Rf7 23. Rxf7 Nxf7 24. Bc4 Ne5 25. Bxd5 Rxd5 26. Bc3 Bf6 27. Bxe5
Bxe5 28. Rc8+ Kf7 29. Nc4 Bxh2 30. f4 g5 31. Ne5+ Ke7 32. Rc7+ Ke8 33. Nf3 Bg3
34. Nxg5 e5 35. Nxh7 Kd8 36. Rg7 exf4 37. Ng5 Kc8 38. Nf3 a5 39. a3 axb4 40.
axb4 Rb5 41. Nd4 Re5 42. Kd3 Bf2 43. Nc6 Rxe3+ 1/2-1/2

[Event "40th Olympiad Open"]
[Site "Istanbul TUR"]
[Date "2012.09.04"]
[Round "7.13"]
[White "Navara, David"]
[Black "Dizdarevic, Emir"]
[Result "1-0"]
[WhiteTitle "GM"]
[BlackTitle "GM"]
[WhiteElo "2691"]
[BlackElo "2499"]
[WhiteTeam "Czech Republic"]
[BlackTeam "Bosnia & Herzegovina"]
[WhiteFideId "309095"]
[BlackFideId "14400049"]
[EventDate "2012.08.28"]

1. d4 e6 2. c4 b6 3. a3 Bb7 4. Nc3 Nf6 5. d5 Bd6 6. Nf3 O-O 7. e4 exd5 8. exd5
Na6 9. Be2 c6 10. Bg5 Re8 11. O-O h6 12. Bh4 cxd5 13. Nxd5 Bxd5 14. cxd5 Nc5 15.
b4 Nce4 16. Ba6 Bf4 17. Qd4 Qc7 18. Rad1 Qd6 19. Rfe1 Bg5 20. Bxg5 Nxg5 21. Ne5
Rab8 22. Bb5 Rbc8 23. Re3 Ngh7 24. h4 Nf8 25. Nc4 Qb8 26. Ne5 Qd6 27. g3 Ng6 28.
Nc4 Qb8 29. Rde1 Rxe3 30. Rxe3 Re8 31. d6 Nf8 32. Re7 Ng6 33. Re3 Nf8 34. Ne5
Ne6 35. Qd1 Qb7 36. Rc3 Rc8 37. Qf3 Qb8 38. Rxc8+ Qxc8 39. Bxd7 Qc1+ 40. Kg2 Qd2
41. Bxe6 fxe6 42. d7 1-0

[Event "40th Olympiad Open"]
[Site "Istanbul TUR"]
[Date "2012.09.04"]
[Round "7.13"]
[White "Tomic, Bosko"]
[Black "Hracek, Zbynek"]
[Result "1/2-1/2"]
[WhiteTitle "IM"]
[BlackTitle "GM"]
[WhiteElo "2423"]
[BlackElo "2619"]
[WhiteTeam "Bosnia & Herzegovina"]
[BlackTeam "Czech Republic"]
[WhiteFideId "14401401"]
[BlackFideId "300071"]
[EventDate "2012.08.28"]

1. e4 e5 2. Nf3 Nc6 3. Bb5 a6 4. Ba4 Nf6 5. O-O b5 6. Bb3 Bc5 7. Qe2 O-O 8. c3
Re8 9. Rd1 h6 10. d3 Bb7 11. Nbd2 Bf8 12. Nf1 Na5 13. Bc2 c5 14. Ng3 d5 15. Nf5
Qc7 16. N3h4 dxe4 17. dxe4 Rad8 18. Re1 Kh7 19. g4 g6 20. Nxh6 Bxh6 21. Bxh6
Kxh6 22. g5+ Kg7 23. gxf6+ Kxf6 24. Qg4 Qd7 25. Nf5 gxf5 26. Qh4+ Kg7 27. Rad1
Qc7 28. Qg5+ Kf8 29. Qh6+ Kg8 30. Qg5+ Kf8 31. Qh6+ Kg8 32. Qg5+ 1/2-1/2